LEADER 01244nam0-22004091i-450- 001 990000024820403321 005 20110309192914.0 035 $a000002482 035 $aFED01000002482 035 $a(Aleph)000002482FED01 035 $a000002482 100 $a20110309d1968----km-y0itay50------ba 101 0 $aita 102 $aIT 105 $aa-------001yy 200 1 $a<>costruzione delle navi militari$fFranco Spinelli 210 $aNapoli$cLiguori$d1968 215 $a492 p.$cill.$d23 cm 300 $aIn testa al front.: Istituto di costruzioni navali della Facoltà di ingegneria dell'Università degli studi di Napoli 610 0 $aNavi militari$aCostruzione 676 $a623.825 700 1$aSpinelli,$bFranco$f<1949- >$01931 801 0$aIT$bUNINA$gRICA$2UNIMARC 901 $aBK 912 $a990000024820403321 952 $a13 E 62 17$b28187$fFINBC 952 $a05 62 74$b1495$fDININ 952 $a05 64 242$fDININ 952 $a05 CN 39 85$b1799$fDININ 952 $a05 CN 43 9$b625$fDININ 952 $a05 CN 43 7$b779$fDININ 952 $a05 CN 29 85$fDININ 952 $a05 CN 43 8$fDININ 959 $aFINBC 959 $aDININ 996 $aCostruzione delle navi militari$9107118 997 $aUNINA LEADER 01046nas 2200385 c 450 001 996206338503316 005 20181220151931.0 035 $a(CKB)1000000000533410 035 $a(OCoLC)643810484 035 $a(DE-101)985385324 035 $a(DE-599)ZDB2383397-X 035 $a(EXLCZ)991000000000533410 100 $a20070817a20079999 |y | 101 0 $aeng 135 $aur||||||||||| 181 $ctxt$2rdacontent 182 $cc$2rdamedia 183 $acr$2rdacarrier 200 00$aAfrican journal of environmental science and technology$eAJEST 210 31$a[S.l.]$cAcademic Journals$d2007- 215 $aOnline-Ressource 300 $aGesehen am 26.08.13 311 $a1996-0786 517 3 $aAJEST 608 $aZeitschrift$2gnd-content 676 $a500 676 $a690 686 $aAFRIKA$qDE-30$2fid 801 0$b0007 801 1$bDE-101 801 2$b0030 906 $aJOURNAL 912 $a996206338503316 996 $aAfrican journal of environmental science and technology$92143941 997 $aUNISA LEADER 01455nam a2200421 i 4500 001 991002859209707536 005 20020509104214.0 008 940513s1993 it ||| | ita 020 $a8817842877 035 $ab11072258-39ule_inst 035 $aPARLA170508$9ExL 040 $aDip.to Filosofia$bita 100 1 $aAlberoni, Rosa Giannetta$0539338 245 14$aGli esploratori del tempo :$ble concezioni della storia da Vico a Popper /$cRosa Giannetta Alberoni 260 $aMilano :$bRizzoli,$cc1993 300 $a991 p. ;$c24 cm. 600 14$aComte, Auguste 650 4$aBergson, Henri 650 4$aCroce, Benedetto 650 4$aDurckeim, Emile 650 4$aFerguson, Adam 650 4$aFREUD, Sigmund 650 4$aHEGEL, Georg. W.F. 650 4$aMarx, Karl 650 4$aPareto, Vilfredo 650 4$aPopper, Karl Raimund 650 4$aRousseau, Jean Jacques 650 4$aSPENCER, Herbert 650 4$aSpengler, Oswald 650 4$aVico, Giambattista 650 4$aWeber, Max 907 $a.b11072258$b21-09-06$c28-06-02 912 $a991002859209707536 945 $aLE005 Ist.Fil. LIV B 13$g1$i2005000020216$lle005$o-$pE0.00$q-$rl$s- $t0$u0$v0$w0$x0$y.i11201113$z28-06-02 945 $aLE005 MF 28 G 25$g1$i2005000200984$lle005$o-$pE0.00$q-$rl$s- $t0$u1$v0$w1$x0$y.i11201125$z28-06-02 996 $aEsploratori del tempo$9860451 997 $aUNISALENTO 998 $ale005$b01-01-94$cm$da $e-$fita$git $h4$i2